000 00580nam a22001577a 4500
020 _qHard Cover.
082 _a004
100 _aMuhammad Hassnain.
245 _aQuantification of Risk Associated with Climate Change by Analyzing Extremes of Rainfall for Various Met Stations of Pakistan /
_cMuhammad Hassnain.
260 _aIslamabad:
_bRCMS-NUST,
_c2021.
300 _a59 p. :
_bill. ;
_c30cm.
650 _aMS Computational Science and Engineering .
_981456
700 _aDr. Zamir Hussain
_981484
942 _2ddc
_cTHE
999 _c586423
_d586423